Highest Goalscorers in the Champions League Beginning With 'B' - Statistics

General Stats
  • This quiz has been taken 90 times
  • The average score is 10 of 22
Answer Stats
# Goals Years Club(s) Nat. Answer % Correct
2 20 2010-2022 Real Madrid, Tottenham Hotspur 🏴󠁧󠁢󠁷󠁬󠁳󠁿 Gareth Bale
100%
1 90 2006-2023 Real Madrid, Olympique Lyon 🇫🇷 Karim Benzema
99%
5 16 1998-2012 Chelsea, Bayern Munich, Bayer Leverkusen, FC Kaiserslautern 🇩🇪 Michael Ballack
83%
6 16 1994-2013 Manchester United, Real Madrid, Paris Saint-Germain, AC Milan 🏴󠁧󠁢󠁥󠁮󠁧󠁿 David Beckham
81%
11 11 2020- Real Madrid, Borussia Dortmund 🏴󠁧󠁢󠁥󠁮󠁧󠁿 Jude Bellingham
79%
3 19 1983-1993 AC Milan, Ajax 🇳🇱 Marco van Basten
77%
8 13 2001-2015 Manchester United, Bayer Leverkusen, AS Monaco 🇧🇬 Dimitar Berbatov
73%
14 9 1965-1969 Manchester United northern_ireland George Best
73%
20 8 2008-2015 Inter Milan, Manchester City, AC Milan, Liverpool 🇮🇹 Mario Balotelli
72%
4 17 1986-1991 Real Madrid 🇪🇸 Emilio Butragueño
56%
21 8 2007-2016 Arsenal, VfL Wolfsburg, Juventus 🇩🇰 Nicklas Bendtner
53%
13 10 2016-2018 Sevilla 🇫🇷 Wissam Ben Yedder
48%
17 9 2004-2020 Liverpool, Ajax, Beşiktaş, Galatasaray 🇳🇱 Ryan Babel
47%
9 11 1992-2000 Olympique Marseille, Juventus, Lazio 🇭🇷 Alen Bokšić
21%
12 11 1972-1988 Dinamo Kiev flag_su Oleg Blokhin
21%
22 8 2014-2019 FC Porto 🇩🇿 Yacine Brahimi
19%
16 9 1981-1995 Barcelona, Real Sociedad 🇪🇸 José Bakero
9%
18 8 1978-1981 Nottingham Forest 🏴󠁧󠁢󠁥󠁮󠁧󠁿 Gary Birtles
7%
10 11 1991-2005 Rosenborg 🇳🇴 Harald Brattbakk
7%
7 15 1970-1976 Újpesti Dózsa 🇭🇺 Ferenc Bene
4%
19 8 1989-1995 Anderlecht, Mechelen 🇳🇱 John Bosman
4%
15 9 1972-1983 Dinamo Kiev flag_su Leonid Buryak
3%
No matching quizzes found
Score Distribution
Percent of People with Each Score
Percentile by Number Answered
Your Score History
You have not taken this quiz